LEADER 00973nam a2200229 4500 001 000000335059 003 CaOOAMICUS 005 20260310135912.0 008 190717s1968 gw 000 u ger r 040 $aSeMil$bita 240 10$aBibbia.$0(OLS)http://semarc/title/402691 245 14$aDie Bibel :$bdie Heilige Schrift des Alten und Neuen Bundes. 250 $aVollständige deutsche Ausg., [6. Aufl.] 264 1$aFreiburg ; Basel ; Wien :$bHerder,$c1968. 300 $a1 v. (diverse sequenze) ;$c18 cm 650 4$aBibbia - Traduzioni tedesche.$0(OLS)http://semarc/subject/4778 850 $aSeMil 852 $aSeMil$W1$xVenegono$y1$m2VA I 68$j268232$B227091$CSeMilBibl$Z2$F227091 $81 961 $aAntonelli don Mario - Omaggio 996 $6245$aDie Bibel :$bdie Heilige Schrift des Alten und Neuen Bundes$9(OLS)http://semarc/title/424619 996 $6264$aFreiburg ; Basel ; Wien :$bHerder$9(OLS)http://semarc/publisher/29643